Ajuntament de Molins de Rei : memòria : exercici de 1931 / redactada pel Secretari interí de l'Ajuntament don Josep Buscall Roca, complimentant l'article 6è del Reglament de Secretaris d'Ajuntament, Interventors i empleats municipals en general, de 23 d'agost de 1924 memòria :
Descripción Física:
31 p., [3] f. de làm. ; 28 cm
Materias:
Molins de Rei. Ajuntament -- Memòries
MARC
| LEADER | 00000nam a2200000Ia 4500 | ||
|---|---|---|---|
| 001 | 22113 | ||
| 008 | 160829s1932 xx 000 0 cat d | ||
| 080 | |a RF-15-57 | ||
| 100 | |a Buscall Roca, Josep |9 47094 | ||
| 245 | |a Ajuntament de Molins de Rei : |b memòria : |b exercici de 1931 / redactada pel Secretari interí de l'Ajuntament don Josep Buscall Roca, complimentant l'article 6è del Reglament de Secretaris d'Ajuntament, Interventors i empleats municipals en general, de 23 d'agost de 1924 | ||
| 260 | |a Molins de Rei : |b Bayer Germans i Ca., |c 1932 | ||
| 300 | |a 31 p., [3] f. de làm. ; |c 28 cm | ||
| 590 | |a Inclou el plànol del projecte d'ampliació de les Ecoles Públiques de Molins de Rei i el projecte de d'edifici del Jutjat i dispensari municipal. | ||
| 590 | |a Prové de 3574 | ||
| 650 | |a Molins de Rei. Ajuntament |x Memòries |9 25142 | ||
| 710 | 1 | |a Molins de Rei (Catalunya). |b Ajuntament |9 53926 | |
| 856 | 4 | |u https://media.diba.cat/diba/fitxers/arxiu/fulletons/bib_22113_1932_baixa.pdf |y Accés lliure | |
| 856 | 4 | |u https://media.diba.cat/diba/fitxers/arxiu/fulletons/bib_22113_1932_baixa.pdf |y Accés lliure | |
| 901 | |a Arxiu | ||
| 942 | |n 1 |2 udc | ||
| 952 | |0 0 |1 0 |4 0 |6 RF1557 |7 1 |9 53660 |a Arxiu |b Arxiu |d 2016-12-01 |l 0 |o RF-15-57 |p 22113 |r 2016-12-01 00:00:00 |w 2016-12-01 |y ARXIU | ||
| 999 | |c 57526 |d 57526 | ||
| 900 | |a bib_22113_1932_baixa.pdf | ||